000 00460nam a2200169Ia 4500
005 20250508151018.0
008 008 250505s9999 xx 000 0 eng d
037 _aTextual
040 _aFEDL
_beng
_cFEDL
041 _aeng
_2eng
084 _a309.1548, KUP
_qFEDL
100 _aKuppuswamy B.
245 0 _aInvestigation of social opinion in Madras state
300 _a125p.
942 _cTEXL
_h309.1548, KUP
999 _c1327038
_d1327038